[Event "CZE-chT2B 1314"]
[Site "Czech Republic"]
[Date "2014.03.23"]
[Round "10.8"]
[White "Krajic, Karel"]
[Black "Papay, Jindrich"]
[Result "1/2-1/2"]
[WhiteElo "2055"]
[BlackElo "1933"]
[PlyCount "22"]
[EventDate "2013.11.03"]
[EventType "team-tourn"]
[EventRounds "11"]
[EventCountry "CZE"]
[SourceTitle "EXT 2015"]
[Source "ChessBase"]
[SourceDate "2014.11.20"]
[SourceVersion "1"]
[SourceVersionDate "2014.11.20"]
[SourceQuality "1"]
[WhiteTeam "Most Chess"]
[BlackTeam "Decin"]
[WhiteTeamCountry "CZE"]
[BlackTeamCountry "CZE"]

1. e4 e6 2. d4 d5 3. e5 c5 4. c3 Nc6 5. Nf3 Qb6 6. a3 Bd7 7. Be2 c4 8. 0-0 Na5 9. Nbd2 Ne7 10. Rb1 Nb3 11. Nxb3 cxb3 1/2-1/2

[Event "CZE-chT2B 1314"]
[Site "Czech Republic"]
[Date "2014.01.05"]
[Round "5.8"]
[White "Krajic, Karel"]
[Black "Svejdar, Ludek"]
[Result "0-1"]
[WhiteElo "2055"]
[BlackElo "2013"]
[PlyCount "64"]
[EventDate "2013.11.03"]
[EventType "team-tourn"]
[EventRounds "11"]
[EventCountry "CZE"]
[SourceTitle "EXT 2015"]
[Source "ChessBase"]
[SourceDate "2014.11.20"]
[SourceVersion "1"]
[SourceVersionDate "2014.11.20"]
[SourceQuality "1"]
[WhiteTeam "Most Chess"]
[BlackTeam "Bakov nad Jizerou"]
[WhiteTeamCountry "CZE"]
[BlackTeamCountry "CZE"]

1. e4 c6 2. d4 d5 3. exd5 cxd5 4. Nf3 Nc6 5. Bd3 Bg4 6. c3 e6 7. h3 Bh5 8. 0-0 Nf6 9. Re1 Be7 10. Bf4 Bd6 11. Bxd6 Qxd6 12. Nbd2 0-0 13. Qe2 Qf4 14. Qe3 Qxe3 15. Rxe3 Bg6 16. Bxg6 hxg6 17. g4 Rac8 18. Rae1 b5 19. a3 Rfd8 20. Ne5 Nxe5 21. Rxe5 Nd7 22. R5e2 Rc6 23. f4 Kf8 24. Kg2 a5 25. Nb3 Ra8 26. Ra1 Rc4 27. Nc1 Nf6 28. Nd3 Ne4 29. Nf2 Nxf2 30. Kxf2 Rac8 31. Rc2 Rxd4 32. Ke3 Re4+ 0-1

[Event "CZE-chT2B 1112"]
[Site "Czech Republic"]
[Date "2012.02.19"]
[Round "8.5"]
[White "Mikes, Jan"]
[Black "Krajic, Karel"]
[Result "1-0"]
[WhiteElo "1993"]
[BlackElo "2072"]
[PlyCount "53"]
[EventDate "2011.10.09"]
[EventType "team-tourn"]
[EventRounds "11"]
[EventCountry "CZE"]
[SourceTitle "EXT 2013"]
[Source "ChessBase"]
[SourceDate "2012.11.22"]
[SourceVersion "1"]
[SourceVersionDate "2012.11.22"]
[SourceQuality "1"]
[WhiteTeam "Usti nad Labem"]
[BlackTeam "Most Marty"]
[WhiteTeamCountry "CZE"]
[BlackTeamCountry "CZE"]

1. d4 d5 2. Nc3 Nf6 3. Bg5 Nbd7 4. Nf3 h6 5. Bh4 e6 6. Qd3 Be7 7. Nd2 0-0 8. 0-0-0 b6 9. Qf3 Bb7 10. e3 a6 11. g4 b5 12. Rg1 b4 13. Ne2 Ne4 14. Bxe7 Qxe7 15. Nxe4 dxe4 16. Qg3 Rac8 17. h4 c5 18. g5 h5 19. g6 f5 20. Qg5 Qxg5 21. Rxg5 Rf6 22. Nf4 Nf8 23. dxc5 Rxc5 24. Be2 e5 25. Nxh5 Rxg6 26. Rxg6 Nxg6 27. Rd7 1-0

[Event "CZE-chT2B 1112"]
[Site "Czech Republic"]
[Date "2012.01.22"]
[Round "6.7"]
[White "Zahorbensky, Jaroslav"]
[Black "Krajic, Karel"]
[Result "1-0"]
[WhiteElo "2128"]
[BlackElo "2072"]
[PlyCount "127"]
[EventDate "2011.10.09"]
[EventType "team-tourn"]
[EventRounds "11"]
[EventCountry "CZE"]
[SourceTitle "EXT 2013"]
[Source "ChessBase"]
[SourceDate "2012.11.22"]
[SourceVersion "1"]
[SourceVersionDate "2012.11.22"]
[SourceQuality "1"]
[WhiteTeam "Neratovice"]
[BlackTeam "Most Marty"]
[WhiteTeamCountry "CZE"]
[BlackTeamCountry "CZE"]

1. e4 c5 2. Nf3 d6 3. Bb5+ Bd7 4. Bxd7+ Qxd7 5. 0-0 Nc6 6. c3 Nf6 7. Re1 e6 8. d3 Be7 9. Bg5 h6 10. Bxf6 Bxf6 11. d4 cxd4 12. cxd4 0-0 13. Nc3 Rad8 14. Qd2 Rfe8 15. Rad1 a6 16. Ne2 Qc7 17. Rc1 Qb6 18. Red1 d5 19. e5 Be7 20. Nc3 Rc8 21. Nb1 Na5 22. b3 Nc6 23. Kf1 Rc7 24. Qb2 Rec8 25. a3 Na5 26. Rxc7 Rxc7 27. b4 Nc4 28. Qb3 Qb5 29. Kg1 Nb6 30. Qe3 Qc4 31. Ne1 Na4 32. Nd2 Qc3 33. Nb3 Qb2 34. Nc5 Nb6 35. Qc1 Qxc1 36. Rxc1 Nc4 37. Ra1 a5 38. f4 b6 39. Ncd3 Ne3 40. bxa5 bxa5 41. a4 Rc4 42. Kf2 Nf5 43. Nb2 Rxd4 44. Ned3 Bb4 45. Rc1 g5 46. g3 Kg7 47. Rc7 gxf4 48. gxf4 Ba3 49. Rb7 Bxb2 50. Nxb2 Rxf4+ 51. Ke2 Re4+ 52. Kd3 Rxe5 53. Rb5 Re3+ 54. Kd2 Rh3 55. Rxa5 Rxh2+ 56. Kc3 Nd6 57. Ra8 Kf6 58. a5 e5 59. a6 d4+ 60. Kb3 Rh3+ 61. Kb4 Rc3 62. Rd8 Rc6 63. a7 Rb6+ 64. Kc5 1-0

[Event "CZE-chT2B 1011"]
[Site "Czech Republic"]
[Date "2010.12.05"]
[Round "4.7"]
[White "Krajic, Karel"]
[Black "Gutman, Petr"]
[Result "1/2-1/2"]
[WhiteElo "2075"]
[BlackElo "2124"]
[PlyCount "54"]
[EventDate "2010.10.17"]
[EventType "team-tourn"]
[EventRounds "11"]
[EventCountry "CZE"]
[SourceTitle "EXT 2012"]
[Source "ChessBase"]
[SourceDate "2011.11.24"]
[SourceVersion "1"]
[SourceVersionDate "2011.11.24"]
[SourceQuality "1"]
[WhiteTeam "Marty Most"]
[BlackTeam "Kladno"]
[WhiteTeamCountry "CZE"]
[BlackTeamCountry "CZE"]

1. e4 c5 2. Nc3 e6 3. f4 Nc6 4. Nf3 Nge7 5. Bb5 a6 6. Bxc6 Nxc6 7. 0-0 Be7 8. d3 d5 9. Ne5 h5 10. Nxc6 bxc6 11. b3 dxe4 12. dxe4 Qd4+ 13. Qxd4 cxd4 14. Na4 Bb7 15. Bb2 c5 16. Rfe1 Bc6 17. Nb6 Rb8 18. Nc4 f6 19. a4 Rg8 20. Ba3 g5 21. f5 e5 22. Rad1 Kd7 23. g3 g4 24. Rd3 Rg7 25. Bc1 Rh8 26. Bd2 h4 27. Re2 h3 1/2-1/2

[Event "CZE-chT2B 0910"]
[Site "Czech Republic"]
[Date "2010.04.18"]
[Round "11.6"]
[White "Misicko, Jan"]
[Black "Krajic, Karel"]
[Result "1/2-1/2"]
[WhiteElo "2035"]
[BlackElo "2072"]
[PlyCount "43"]
[EventDate "2009.10.18"]
[EventType "team-tourn"]
[EventRounds "11"]
[EventCountry "CZE"]
[SourceTitle "EXT 2012"]
[Source "ChessBase"]
[SourceDate "2011.11.24"]
[SourceVersion "1"]
[SourceVersionDate "2011.11.24"]
[SourceQuality "1"]
[WhiteTeam "Kladno"]
[BlackTeam "Most Marty"]
[WhiteTeamCountry "CZE"]
[BlackTeamCountry "CZE"]

1. c4 c5 2. Nc3 Nc6 3. g3 Nf6 4. Bg2 g6 5. e4 Bg7 6. Nge2 d6 7. 0-0 0-0 8. h3 Bd7 9. d3 a6 10. f4 Rb8 11. a4 Nd4 12. Nxd4 cxd4 13. Ne2 Ne8 14. f5 e6 15. g4 Nc7 16. Bf4 Bc6 17. Qd2 e5 18. Bh6 f6 19. h4 Qe7 20. Rf3 Bxh6 21. Qxh6 Qg7 22. Qd2 1/2-1/2

[Event "CZE-chT2B 0910"]
[Site "Czech Republic"]
[Date "2010.03.14"]
[Round "9.7"]
[White "Krajic, Karel"]
[Black "Plesek, Jiri"]
[Result "0-1"]
[WhiteElo "2072"]
[BlackElo "2150"]
[PlyCount "82"]
[EventDate "2009.10.18"]
[EventType "team-tourn"]
[EventRounds "11"]
[EventCountry "CZE"]
[SourceTitle "EXT 2012"]
[Source "ChessBase"]
[SourceDate "2011.11.24"]
[SourceVersion "1"]
[SourceVersionDate "2011.11.24"]
[SourceQuality "1"]
[WhiteTeam "Most Marty"]
[BlackTeam "Pankrac II"]
[WhiteTeamCountry "CZE"]
[BlackTeamCountry "CZE"]

1. e4 c6 2. Nc3 d5 3. Nf3 Bg4 4. h3 Bxf3 5. Qxf3 Nf6 6. e5 Nfd7 7. d4 e6 8. Bf4 c5 9. dxc5 Nc6 10. Bb5 Bxc5 11. Bxc6 bxc6 12. 0-0 0-0 13. Rad1 f6 14. Qg3 fxe5 15. Bxe5 Nxe5 16. Qxe5 Qf6 17. Qxf6 Rxf6 18. Na4 Bb6 19. Nxb6 axb6 20. a3 e5 21. f3 Kf7 22. Rfe1 Ke6 23. Rd3 Kf5 24. g3 Ra4 25. Kg2 h5 26. Rde3 Re6 27. Kf2 b5 28. c3 g6 29. f4 e4 30. Rd1 Rd6 31. Rd4 c5 32. Rxa4 bxa4 33. Re1 Rb6 34. Re2 h4 35. Rd2 d4 36. cxd4 cxd4 37. g4+ Kxf4 38. Rxd4 Rxb2+ 39. Kg1 Kg3 40. Kf1 Kf3 41. Kg1 e3 0-1

[Event "CZE-chT2B 0910"]
[Site "Czech Republic"]
[Date "2009.11.22"]
[Round "3.7"]
[White "Dvorak, Jan"]
[Black "Krajic, Karel"]
[Result "1-0"]
[WhiteElo "2174"]
[BlackElo "2072"]
[PlyCount "145"]
[EventDate "2009.10.18"]
[EventType "team-tourn"]
[EventRounds "11"]
[EventCountry "CZE"]
[SourceTitle "EXT 2012"]
[Source "ChessBase"]
[SourceDate "2011.11.24"]
[SourceVersion "1"]
[SourceVersionDate "2011.11.24"]
[SourceQuality "1"]
[WhiteTeam "Praha Kobylisy"]
[BlackTeam "Most Marty"]
[WhiteTeamCountry "CZE"]
[BlackTeamCountry "CZE"]

1. d4 Nf6 2. c4 g6 3. Nc3 Bg7 4. e4 d6 5. Be2 0-0 6. Nf3 e5 7. 0-0 Nc6 8. d5 Ne7 9. b4 Ne8 10. c5 f5 11. Ng5 h6 12. Ne6 Bxe6 13. dxe6 dxc5 14. bxc5 Qxd1 15. Rxd1 Nf6 16. Nd5 Nc6 17. Bc4 Rfc8 18. Nxf6+ Bxf6 19. Rd7 Na5 20. Be2 f4 21. Bb2 Nc6 22. Rad1 Nd4 23. Bc4 Kh8 24. Rf7 Bg7 25. c6 bxc6 26. Ba3 Rab8 27. h3 Rd8 28. Rc1 Re8 29. Rxc7 Nxe6 30. Bxe6 Rxe6 31. Rd1 Bf8 32. Bxf8 Rxf8 33. Rdd7 Ra8 34. Kf1 a5 35. Ke2 h5 36. Kd3 a4 37. a3 Kg8 38. Kc4 Kf8 39. Kc5 Ra5+ 40. Kc4 Ra8 41. f3 Kg8 42. h4 Kf8 43. Rh7 Kg8 44. Rcg7+ Kf8 45. Rf7+ Kg8 46. Rhg7+ Kh8 47. Rb7 Rd8 48. Rgd7 Ra8 49. Re7 Re8 50. Rxe6 Rxe6 51. Kc5 g5 52. hxg5 Rg6 53. Rb2 Kg7 54. Kb4 Rxg5 55. Kxa4 Kf6 56. Kb4 Ke6 57. Rd2 Rg8 58. Kc5 h4 59. a4 Ra8 60. Rd6+ Ke7 61. Rxc6 Rxa4 62. Kd5 Ra5+ 63. Rc5 Ra2 64. Kxe5 Rxg2 65. Rc7+ Kf8 66. Rh7 Rh2 67. Kxf4 Rh3 68. e5 Kg8 69. Rh5 Kf7 70. Rf5+ Ke6 71. Rf6+ Ke7 72. Kg4 Rh1 73. Rh6 1-0

[Event "CZE-chT2b 0506"]
[Site "Czech Republic"]
[Date "2006.04.09"]
[Round "11"]
[White "Snajdr, Tomas"]
[Black "Krajic, Karel"]
[Result "1/2-1/2"]
[WhiteElo "2015"]
[BlackElo "1965"]
[PlyCount "91"]
[EventDate "2005.10.16"]
[EventType "team"]
[EventRounds "11"]
[EventCountry "CZE"]
[SourceTitle "EXT 2009"]
[Source "ChessBase"]
[SourceDate "2008.11.26"]
[SourceVersion "1"]
[SourceVersionDate "2008.11.26"]
[SourceQuality "1"]

1. c4 e5 2. Nc3 Nf6 3. g3 d5 4. cxd5 Nxd5 5. Bg2 Nb6 6. Nf3 Nc6 7. 0-0 Be7 8. a3 0-0 9. d3 Be6 10. b4 f6 11. Bb2 Nd5 12. Rc1 Nxc3 13. Bxc3 Qd7 14. Qc2 Rac8 15. Rfd1 Rfd8 16. d4 exd4 17. Nxd4 Nxd4 18. Rxd4 Qb5 19. Be4 h6 20. a4 Qb6 21. a5 Qb5 22. Bd3 Qe8 23. Re4 Bd5 24. Re3 Qf8 25. Rb1 Bd6 26. Bf5 Rb8 27. Be6+ Bxe6 28. Rxe6 Re8 29. Rxe8 Rxe8 30. e3 Qf7 31. b5 Qc4 32. Qg6 Qe4 33. Qxe4 Rxe4 34. Bd4 b6 35. axb6 axb6 36. Kg2 f5 37. Rc1 Kf7 38. Rc6 Re6 39. Rc2 h5 40. h4 g6 41. Kf3 Re8 42. Ra2 Ke6 43. e4 Rf8 44. Rc2 fxe4+ 45. Kxe4 Rf5 46. Rb2 1/2-1/2

[Event "CZE-chT2b 0506"]
[Site "Czech Republic"]
[Date "2005.12.18"]
[Round "5"]
[White "Krajic, Karel"]
[Black "Kucera, Jaroslav"]
[Result "0-1"]
[WhiteElo "1965"]
[BlackElo "1980"]
[PlyCount "84"]
[EventDate "2005.10.16"]
[EventType "team"]
[EventRounds "11"]
[EventCountry "CZE"]
[SourceTitle "EXT 2009"]
[Source "ChessBase"]
[SourceDate "2008.11.26"]
[SourceVersion "1"]
[SourceVersionDate "2008.11.26"]
[SourceQuality "1"]

1. Nf3 d5 2. g3 c5 3. Bg2 Nc6 4. c4 d4 5. 0-0 e5 6. d3 Nf6 7. b4 cxb4 8. a3 Bd6 9. Bb2 0-0 10. e3 dxe3 11. fxe3 Ng4 12. Re1 Re8 13. h3 Nf6 14. Nbd2 bxa3 15. Bxa3 Bxa3 16. Rxa3 Qc7 17. Ng5 Qe7 18. Rb3 a5 19. Kh2 Nb4 20. Rf1 h6 21. Nge4 Ra6 22. d4 exd4 23. exd4 Nxe4 24. Nxe4 Re6 25. Nc3 Rf6 26. Nd5 Nxd5 27. Bxd5 Qe2+ 28. Qxe2 Rxe2+ 29. Kg1 Rxf1+ 30. Kxf1 Rd2 31. Bxb7 Bxh3+ 32. Ke1 Rxd4 33. c5 Be6 34. Rc3 Rd7 35. Bf3 Rc7 36. c6 Kf8 37. Ra3 Ra7 38. Kd2 Ke7 39. Rc3 a4 40. Ra3 Kd6 41. Kc2 Ra5 42. Rd3+ Kc7 0-1

[Event "CZE-chT2b 0506"]
[Site "Czech Republic"]
[Date "2005.10.16"]
[Round "1"]
[White "Krajic, Karel"]
[Black "Volek, Radomir"]
[Result "1-0"]
[WhiteElo "1965"]
[BlackElo "1985"]
[PlyCount "57"]
[EventDate "2005.10.16"]
[EventType "team"]
[EventRounds "11"]
[EventCountry "CZE"]
[SourceTitle "EXT 2009"]
[Source "ChessBase"]
[SourceDate "2008.11.26"]
[SourceVersion "1"]
[SourceVersionDate "2008.11.26"]
[SourceQuality "1"]

1. Nf3 Nf6 2. c4 c6 3. b3 d5 4. Bb2 Bg4 5. e3 e6 6. Be2 Nbd7 7. 0-0 Bd6 8. d4 Qc7 9. Nbd2 Ne4 10. h3 Nxd2 11. Qxd2 Bh5 12. Rac1 Nf6 13. Ne5 Ne4 14. Qc2 Bxe2 15. Qxe2 f6 16. Qh5+ g6 17. Nxg6 Qf7 18. Nf4 Qxh5 19. Nxh5 Ke7 20. f3 Ng5 21. h4 Nf7 22. e4 Nh6 23. cxd5 cxd5 24. Rc2 Raf8 25. e5 fxe5 26. dxe5 Bb4 27. Rfc1 Rb8 28. Rc7+ Kd8 29. Nf6 1-0